| 000 | 00540 a2200181 4500 | ||
|---|---|---|---|
| 003 | OSt | ||
| 005 | 20260309093458.0 | ||
| 008 | 260307b |||||||| |||| 00| 0 eng d | ||
| 020 | _a8126408545 | ||
| 040 | _coclc | ||
| 082 |
_a869.342 _bCOE/V |
||
| 100 | 1 |
_aCoelho, Paulo _95599 |
|
| 245 |
_aVeronica Marikkan Theerumanikkunnu = Veronika Decides To Die / _cPaulo Coelho |
||
| 250 | _a10th Ed. | ||
| 260 |
_aKottayam: _bD C Books. _c2023, |
||
| 300 | _a206 pages | ||
| 942 |
_2ddc _cBK _h869.342 _iCOE/V _k869.342 _mCOE/V |
||
| 999 |
_c44689 _d44689 |
||